| 000 | 005460000a22001810004500 | ||
|---|---|---|---|
| 003 | MACL | ||
| 005 | 20160128150919.0 | ||
| 008 | 160128b xxu||||| |||| 00| 0 eng d | ||
| 040 |
_aMACL _cMACL |
||
| 041 | _aHindi | ||
| 082 | _a385.076/JAN | ||
| 100 |
_aजैन डॉ. लाल एवं _933619 |
||
| 245 | _aरेलवे भर्ती बोर्ड परीक्षा | ||
| 260 |
_bउपकार प्रकाशन _c2003 _aआगरा |
||
| 350 | _a185 | ||
| 650 |
_aRail Road _94562 |
||
| 942 |
_cHIN _k385.076/ JAIN _2ddc |
||
| 999 |
_c30500 _d30500 |
||